• 首页
  • 本馆介绍
  • 公告通知
  • 最新文献
  • 馆藏检索
  • 电子资源
  • 读者导购
  • 参考咨询
  • 我的图书馆
  • 登录
  • 详细信息显示
  • 放入我的书架
  • 预约/预借图书
  • 作者相关作品
  • 分类相关作品
  • 丛书相关作品
  • 出版社相关作品

书目信息

  • 表格格式
  • 工作单格式
  • 卡片格式
题名:
海岸动力地貌
    
 
作者: 邹志利 , 房克照 编著
分册:  
出版信息: 北京   科学出版社  2018.02
页数: 270页
开本: 24cm
丛书名:
单 册:
中图分类: P737.1
科图分类:
主题词: 海岸地貌学--海洋动力学
电子资源:
ISBN: 978-7-03-056608-9
000 01084nam0 2200229 450
001 3839
005 20181008160908.88
010    @a978-7-03-056608-9@dCNY120.00
100    @a20180513d2018 em y0chiy50 ea
101 0  @achi
102    @aCN@b110000
105    @aa z 000yy
200 1  @a海岸动力地貌@9hai an dong li di mao@f邹志利,房克照编著
210    @a北京@c科学出版社@d2018.02
215    @a270页@c图@d24cm
330    @a本书为高等学校本科生教材,主要阐述有关海岸地貌形态特征和演化规律的知识。书中介绍了海岸泥沙输移规律、水流和波浪作用下水底变形特征和各种类型海岸地貌的典型形态,以及各种类型海岸地貌形态的产生机理和演化规律。因本书内容侧重于海岸“动力地貌”部分,所以关于地貌形态产生机理和演化的内容主要涉及河口径流、海岸潮流和波浪等水动力所引起的现代海岸地貌和水底变形,并以我国典型河口为例,讨论了河口海岸的演化特征,也介绍了海岸地质构造、海平面上升和人类活动对海岸地貌的影响。
606 0  @a海岸地貌学@x海洋动力学
690    @aP737.1@v5
701  0 @a邹志利@9zou zhi li@4编著
701  0 @a房克照@9fang ke zhao@4编著
801  0 @aCN@b91MARC@c20180513
905    @aMuseLib@dP737.1@e95
    
    海岸动力地貌/邹志利,房克照编著.-北京:科学出版社,2018.02
    270页:图;24cm
    
    
    ISBN 978-7-03-056608-9:CNY120.00
    本书为高等学校本科生教材,主要阐述有关海岸地貌形态特征和演化规律的知识。书中介绍了海岸泥沙输移规律、水流和波浪作用下水底变形特征和各种类型海岸地貌的典型形态,以及各种类型海岸地貌形态的产生机理和演化规律。因本书内容侧重于海岸“动力地貌”部分,所以关于地貌形态产生机理和演化的内容主要涉及河口径流、海岸潮流和波浪等水动力所引起的现代海岸地貌和水底变形,并以我国典型河口为例,讨论了河口海岸的演化特征,也介绍了海岸地质构造、海平面上升和人类活动对海岸地貌的影响。
●
相关链接 在E读中查询图书 在五车中查询图书 在当当中查询图书 在豆瓣中查询图书


正题名:海岸动力地貌     索取号:P737.1/95         预约/预借

序号 登录号 条形码 馆藏地/架位号 状态 备注
1 1123907   211239079   第二样本阅览室/ [索取号:P737.1/95] 在馆    
2 1123908   211239088   第三借阅区/ [索取号:P737.1/95] 在馆    
3 1123909   211239097   密集书库-资源管理系/ [索取号:P737.1/95] 在馆    
唐山师范学院图书馆 欢迎您!
大连网信软件有限公司© 版权所有